| 000 | 00629cam a22002054a 4500 | ||
|---|---|---|---|
| 005 | 20260415100600.0 | ||
| 020 |
_a9987699024 _cTZS 2,000/= |
||
| 040 |
_aMCCL _beng. _eAACR 2nd rev. ed. |
||
| 082 | _a349.1734 KIN | ||
| 100 | 1 | _aKinemo, R. | |
| 245 | 1 | 0 |
_aSheria ndogo za serikali ya kijiji / _cRoss E.J. Kinemo. |
| 250 | _aToleo la 1. | ||
| 260 |
_aDar es Salaam, Tanzania : _bOld East Publisher, _cc2003. |
||
| 300 |
_avii, 90 p. : _bill. ; _c25 cm. |
||
| 520 | _aOn the laws governing the village councils. | ||
| 546 | _aIn Swahili. | ||
| 650 | 0 |
_aVillages _zTanzania. |
|
| 650 | 0 |
_aLocal government _zTanzania. |
|
| 942 | _cBK | ||
| 999 |
_c12635 _d12635 |
||